[Event "Sofia MGU op 176th"]
[Site "Sofia"]
[Date "2016.12.10"]
[Round "1"]
[White "Mladenov, Emil"]
[Black "Ivanov, Oleg2222"]
[Result "0-1"]
[WhiteElo "2010"]
[BlackElo "1596"]
[PlyCount "62"]
[EventDate "2016.12.10"]
[EventType "swiss"]
[EventRounds "9"]
[EventCountry "BUL"]
[SourceTitle "CBM 176 Extra"]
[Source "ChessBase"]
[SourceDate "2017.03.02"]
[SourceVersion "1"]
[SourceVersionDate "2017.03.02"]
[SourceQuality "1"]

1. e4 e5 2. Nc3 Nc6 3. g3 g6 4. Bg2 Bg7 5. Nge2 Nge7 6. 0-0 0-0 7. f4 d6 8. h3 f5 9. d3 Be6 10. Be3 Qd7 11. Qd2 fxe4 12. Kh2 Nf5 13. dxe4 Nxe3 14. Qxe3 Nd4 15. Qd2 c5 16. Nd1 Rf7 17. c3 Nxe2 18. Qxe2 Raf8 19. fxe5 Bxe5 20. Ne3 Qe7 21. Ng4 Bg7 22. Rxf7 Rxf7 23. h4 h5 24. Nf2 Be5 25. Nh3 Qxh4 26. Qe3 Kg7 27. a4 Bg4 28. Rf1 Rxf1 29. Bxf1 Qf6 30. Bg2 Qh4 31. b4 cxb4 0-1

[Event "Teteven op 31st"]
[Site "Teteven"]
[Date "2016.08.13"]
[Round "1"]
[White "Mladenov, Emil"]
[Black "Georgiev, Nikolay"]
[Result "1-0"]
[WhiteElo "2012"]
[BlackElo "1537"]
[PlyCount "75"]
[EventDate "2016.08.13"]
[EventType "swiss"]
[EventRounds "9"]
[EventCountry "BUL"]
[SourceTitle "CBM 173 Extra"]
[Source "ChessBase"]
[SourceDate "2016.08.29"]
[SourceVersion "1"]
[SourceVersionDate "2016.08.29"]
[SourceQuality "1"]

1. g3 e5 2. Bg2 f5 3. d4 e4 4. c4 Nf6 5. Nh3 g6 6. 0-0 Bg7 7. Nc3 d6 8. Bg5 0-0 9. Qd2 Be6 10. b3 Qd7 11. Bh6 Bxh6 12. Qxh6 Qg7 13. Qxg7+ Kxg7 14. Nf4 Bg8 15. h4 c6 16. Rfd1 Na6 17. e3 Rfe8 18. Bf1 Nc7 19. b4 Rad8 20. a4 h6 21. c5 g5 22. cxd6 Rxd6 23. hxg5 hxg5 24. Nfe2 Bc4 25. Rdc1 Bd3 26. b5 cxb5 27. Nxe4 fxe4 28. Rxc7+ Rd7 29. Rxd7+ Nxd7 30. axb5 Bxb5 31. Rxa7 Ba6 32. Nc3 Bxf1 33. Kxf1 Nf6 34. Rxb7+ Kg6 35. Rb6 Kf7 36. Nb5 Rd8 37. Nd6+ Kg6 38. Nxe4 1-0

[Event "Albena Vivacom op"]
[Site "Albena"]
[Date "2015.09.19"]
[Round "8"]
[White "Andronescu, Madalin"]
[Black "Mladenov, Emil"]
[Result "1-0"]
[WhiteElo "2214"]
[BlackElo "2089"]
[PlyCount "63"]
[EventDate "2015.09.14"]
[EventType "swiss"]
[EventRounds "9"]
[EventCountry "BUL"]
[SourceTitle "EXT 2016"]
[Source "ChessBase"]
[SourceDate "2015.10.08"]
[SourceVersion "1"]
[SourceVersionDate "2015.10.08"]
[SourceQuality "1"]

1. e4 d5 2. exd5 Qxd5 3. Nc3 Qa5 4. Bc4 Nf6 5. Nf3 c6 6. 0-0 e6 7. Re1 b5 8. Bb3 Bd6 9. d4 0-0 10. Bg5 Nbd7 11. Ne5 Qc7 12. Qe2 a6 13. Ne4 Nxe4 14. Qxe4 Bb7 15. c3 c5 16. Qe3 Rac8 17. Rad1 cxd4 18. cxd4 Bd5 19. Rc1 Qb7 20. Rxc8 Qxc8 21. Rc1 Qb7 22. Bxd5 exd5 23. Nc6 h6 24. Bxh6 Nb6 25. Bxg7 Rc8 26. Bf6 Bf8 27. Qg5+ Kh7 28. Qf5+ Kg8 29. Ne7+ Qxe7 30. Qg5+ Kh7 31. Bxe7 Bxe7 32. Qf5+ 1-0

[Event "Golden Sands op-B"]
[Site "Golden Sands"]
[Date "2015.06.13"]
[Round "6"]
[White "Hashem, Khaled"]
[Black "Mladenov, Emil"]
[Result "0-1"]
[WhiteElo "1954"]
[BlackElo "2095"]
[PlyCount "76"]
[EventDate "2015.06.08"]
[EventType "swiss"]
[EventRounds "9"]
[EventCountry "BUL"]
[SourceTitle "CBM 167 Extra"]
[Source "ChessBase"]
[SourceDate "2015.09.14"]
[SourceVersion "1"]
[SourceVersionDate "2015.09.14"]
[SourceQuality "1"]

1. d4 g6 2. c4 d6 3. Nc3 e5 4. Nf3 Bg7 5. dxe5 dxe5 6. Qxd8+ Kxd8 7. Bg5+ f6 8. 0-0-0+ Nd7 9. Bh4 g5 10. Bg3 Ne7 11. e4 c6 12. h4 g4 13. Nd2 h5 14. f3 Bh6 15. Kc2 Kc7 16. Bf2 Ng6 17. fxg4 hxg4 18. g3 Ndf8 19. b4 Be6 20. Nb3 Nd7 21. Nc5 Nxc5 22. Bxc5 Rhd8 23. Be2 b6 24. Bf2 f5 25. exf5 Bxf5+ 26. Bd3 Rxd3 27. Rxd3 Rd8 28. Rhd1 Ne7 29. Na4 Rf8 30. Be1 Bxd3+ 31. Rxd3 Nf5 32. Nc3 Nd4+ 33. Kd1 Rf1 34. Rxd4 exd4 35. Ne4 d3 36. Nd2 Rg1 37. a4 Be3 38. Ne4 d2 0-1

[Event "Teteven op 29th"]
[Site "Teteven"]
[Date "2014.08.15"]
[Round "7"]
[White "Arnaudov, Petar G"]
[Black "Mladenov, Emil"]
[Result "0-1"]
[WhiteElo "2074"]
[BlackElo "2054"]
[PlyCount "78"]
[EventDate "2014.08.09"]
[EventType "swiss"]
[EventRounds "9"]
[EventCountry "BUL"]
[SourceTitle "CBM 162 Extra"]
[Source "ChessBase"]
[SourceDate "2014.10.17"]
[SourceVersion "1"]
[SourceVersionDate "2014.10.17"]
[SourceQuality "1"]

1. b4 e5 2. Bb2 Bd6 3. g3 Qe7 4. a3 c6 5. c4 f5 6. Bh3 Nh6 7. e3 0-0 8. d4 f4 9. e4 Qf7 10. Qe2 exd4 11. Bxd4 c5 12. Bc3 Nc6 13. gxf4 cxb4 14. axb4 Qxf4 15. c5 Be5 16. Nd2 d6 17. Qc4+ Kh8 18. 0-0-0 Bxh3 19. Nxh3 Qh4 20. Qd3 dxc5 21. Rhg1 cxb4 22. Bxe5 Nxe5 23. Qb3 Rac8+ 24. Kb1 Nf3 25. Rg3 Nxd2+ 26. Rxd2 Qxe4+ 27. Qd3 Qc6 28. Rc2 Qxc2+ 29. Qxc2 Rxc2 30. Kxc2 Nf5 31. Rd3 h6 32. Nf4 Rc8+ 33. Kb2 Rc7 34. Rd8+ Kh7 35. Ne6 Rc3 36. Nf8+ Kg8 37. Nd7+ Kf7 38. Ne5+ Ke6 39. f4 Nd6 0-1

[Event "Teteven op 29th"]
[Site "Teteven"]
[Date "2014.08.12"]
[Round "4"]
[White "Galunov, Todor"]
[Black "Mladenov, Emil"]
[Result "0-1"]
[WhiteElo "2289"]
[BlackElo "2054"]
[PlyCount "70"]
[EventDate "2014.08.09"]
[EventType "swiss"]
[EventRounds "9"]
[EventCountry "BUL"]
[SourceTitle "CBM 162 Extra"]
[Source "ChessBase"]
[SourceDate "2014.10.17"]
[SourceVersion "1"]
[SourceVersionDate "2014.10.17"]
[SourceQuality "1"]

1. Nf3 g6 2. g3 Bg7 3. Bg2 e5 4. 0-0 Nc6 5. c4 d6 6. Nc3 Be6 7. d3 h6 8. Rb1 Qd7 9. Re1 Nf6 10. b4 0-0 11. b5 Nd8 12. Nd2 Nh5 13. Ba3 f5 14. c5 Rf7 15. cxd6 cxd6 16. Nd5 Nf6 17. Qb3 Rc8 18. Rec1 Rxc1+ 19. Rxc1 Ne8 20. Nc4 b6 21. Nd2 Nb7 22. Qc4 Nc5 23. e3 Nc7 24. d4 e4 25. dxc5 dxc5 26. Qc2 Qxd5 27. Bf1 Qxa2 28. Qxa2 Bxa2 29. g4 Be6 30. gxf5 gxf5 31. f3 f4 32. Nxe4 fxe3 33. Be2 Nd5 34. Bc4 Rxf3 35. Rd1 e2 0-1

[Event "Golden Sands Europe op 3rd"]
[Site "Golden Sands"]
[Date "2014.06.17"]
[Round "8"]
[White "Mladenov, Emil"]
[Black "Kyrychenko, Mykola"]
[Result "1-0"]
[WhiteElo "2045"]
[BlackElo "1852"]
[PlyCount "124"]
[EventDate "2014.06.10"]
[EventType "swiss"]
[EventRounds "9"]
[EventCountry "BUL"]
[SourceTitle "CBM 160 Extra"]
[Source "ChessBase"]
[SourceDate "2014.07.01"]
[SourceVersion "1"]
[SourceVersionDate "2014.07.01"]
[SourceQuality "1"]

1. g3 d5 2. Bg2 c6 3. Nf3 Bf5 4. d3 Nf6 5. Nbd2 e6 6. 0-0 Bd6 7. Re1 e5 8. e4 dxe4 9. dxe4 Be6 10. b3 Bc7 11. Bb2 Bg4 12. Qe2 0-0 13. h3 Bxf3 14. Nxf3 Qe7 15. Nh4 g6 16. Bc1 Kg7 17. Nf3 Nbd7 18. Nh2 Nc5 19. Ng4 Nxg4 20. hxg4 Ne6 21. Qe3 g5 22. c3 f6 23. Bf1 b5 24. Kg2 Rfd8 25. Be2 Bb6 26. Qf3 a5 27. Rh1 h6 28. Qf5 Bc7 29. Ba3 Bd6 30. Bxd6 Rxd6 31. Rxh6 Kxh6 32. Rh1+ Kg7 33. Rh7+ Kf8 34. Rh8+ Kf7 35. Rxa8 Ng7 36. Qf3 Qc7 37. Qe3 Rd7 38. a4 bxa4 39. Bc4+ Kg6 40. bxa4 c5 41. Qe1 Rd8 42. Rxd8 Qxd8 43. Qb1 Ne8 44. Qb5 Nd6 45. Qxc5 Qc8 46. Qxd6 Qxc4 47. Qd5 Qxc3 48. Qg8+ Kh6 49. Qd5 Qe1 50. Qd3 Qb4 51. Qc2 Kg6 52. f4 gxf4 53. gxf4 exf4 54. e5+ Kf7 55. Qh7+ Kf8 56. Qh8+ Kf7 57. Qxf6+ Kg8 58. Qg6+ Kh8 59. Qe8+ Kg7 60. Qd7+ Kg8 61. Kf3 Qc3+ 62. Kxf4 Qc2 1-0

[Event "Golden Sands Europe op 3rd"]
[Site "Golden Sands"]
[Date "2014.06.14"]
[Round "5"]
[White "Janev, Pavel"]
[Black "Mladenov, Emil"]
[Result "1-0"]
[WhiteElo "2257"]
[BlackElo "2045"]
[PlyCount "51"]
[EventDate "2014.06.10"]
[EventType "swiss"]
[EventRounds "9"]
[EventCountry "BUL"]
[SourceTitle "CBM 160 Extra"]
[Source "ChessBase"]
[SourceDate "2014.07.01"]
[SourceVersion "1"]
[SourceVersionDate "2014.07.01"]
[SourceQuality "1"]

1. e4 d5 2. exd5 Qxd5 3. Nc3 Qa5 4. Nf3 Nf6 5. Bc4 c6 6. Qe2 b5 7. Bb3 e6 8. 0-0 Be7 9. d4 Qc7 10. Ne5 a5 11. a4 b4 12. Ne4 Ba6 13. Qf3 Nxe4 14. Qxf7+ Kd8 15. Re1 Nd6 16. Qxg7 Re8 17. Bxe6 Bh4 18. Qh6 Qe7 19. Nf3 Bf6 20. Bf4 Nf7 21. Bxf7 Qxf7 22. Rxe8+ Kxe8 23. Re1+ Kd8 24. Ng5 Bxg5 25. Qd6+ Nd7 26. Qc7# 1-0

[Event "Albena Masters op"]
[Site "Albena"]
[Date "2013.06.08"]
[Round "8"]
[White "Mladenov, Emil"]
[Black "Dambrauskas, Virginijus A"]
[Result "0-1"]
[WhiteElo "2119"]
[BlackElo "2285"]
[PlyCount "93"]
[EventDate "2013.06.01"]
[EventType "swiss"]
[EventRounds "9"]
[EventCountry "BUL"]
[SourceTitle "EXT 2014"]
[Source "ChessBase"]
[SourceDate "2013.11.20"]
[SourceVersion "1"]
[SourceVersionDate "2013.11.20"]
[SourceQuality "1"]

1. e4 c5 2. g3 e6 3. Bg2 Nc6 4. Ne2 Nf6 5. 0-0 Be7 6. d4 cxd4 7. Nxd4 Qc7 8. Nb5 Qb8 9. Bf4 e5 10. Be3 d6 11. a4 0-0 12. h3 a6 13. N5c3 Nb4 14. a5 Be6 15. Na4 Nd7 16. Qd2 Nc6 17. Nb6 Nxb6 18. Bxb6 Bd8 19. Bxd8 Rxd8 20. Nc3 Qc7 21. Nd5 Bxd5 22. exd5 Nd4 23. Rfc1 Rac8 24. Ra3 Qc4 25. Kh2 Qe2 26. Qxe2 Nxe2 27. Rf1 Rxc2 28. Rb3 Rd7 29. Be4 Rcc7 30. Rb6 Nd4 31. g4 g6 32. g5 Rc5 33. Ra1 Kg7 34. Kg1 f5 35. gxf6+ Kxf6 36. Ra4 Ne2+ 37. Kh2 Nf4 38. Rab4 Nxd5 39. Rxb7 Rxb7 40. Rxb7 Rxa5 41. f3 Nf4 42. Rb3 Ke6 43. Bb7 Rb5 44. Bc8+ Kd5 45. Rxb5+ axb5 46. Bd7 b4 47. Kg3 0-1